[Event "61st POL-ch (w)"]
[Site "Bogatynia POL"]
[Date "2009.07.28"]
[Round "10"]
[White "Majdan, Joanna"]
[Black "Kadziolka, Beata"]
[Result "1/2-1/2"]
[WhiteElo "2382"]
[BlackElo "2289"]
[EventDate "2009.07.19"]
[PlyCount "73"]

1.e4 c5 2.Nf3 d6 3.d4 Nf6 4.Nc3 cxd4 5.Nxd4 a6 6.h3 g6 7.g4 Bg7 8.Bg2 O-O 
9.O-O Qb6 10.Be3 Qxb2 11.Qd3 Qa3 12.Nd5 Qxd3 13.Nxe7+ Kh8 14.cxd3 Nfd7 15.
Rac1 Nc5 16.Ne2 Nbd7 17.d4 Na4 18.Bf4 Ndb6 19.Bxd6 Be6 20.Nd5 Rg8 21.Nc7 
Rac8 22.Nxe6 fxe6 23.e5 Nd5 24.Bxd5 exd5 25.Kg2 Rge8 26.f4 Kg8 27.f5 gxf5 
28.Rxf5 Rxc1 29.Nxc1 Nc3 30.Nd3 Nxa2 31.Nc5 Nb4 32.Nxb7 Nc2 33.Rf4 Bh6 34.
Rf2 Nxd4 35.Ra2 Bg7 36.Rd2 Nc6 37.Rxd5 1/2-1/2

[Event "61st POL-ch (w)"]
[Site "Bogatynia POL"]
[Date "2009.07.28"]
[Round "10"]
[White "Przezdziecka, Marta"]
[Black "Zawadzka, Jolanta"]
[Result "0-1"]
[WhiteElo "2285"]
[BlackElo "2387"]
[EventDate "2009.07.19"]
[PlyCount "146"]

1.d4 Nf6 2.Nf3 g6 3.c4 Bg7 4.Nc3 d6 5.e4 O-O 6.Be2 e5 7.Be3 Ng4 8.Bg5 f6 
9.Bc1 Nc6 10.d5 Ne7 11.h3 Nh6 12.h4 Nf7 13.h5 g5 14.Nh2 f5 15.Qd3 Kh8 16.
Bd2 c5 17.O-O-O a6 18.exf5 Bxf5 19.Qe3 h6 20.Nf1 b5 21.Ng3 Bh7 22.Bd3 bxc4
23.Bxh7 Kxh7 24.Qe4+ Kh8 25.Qxc4 Qb6 26.Nce4 Qb5 27.b3 Rab8 28.Kc2 Rb6 29.
Bc3 Qd7 30.Kd2 Nd8 31.Rhf1 Rf4 32.f3 Nb7 33.Ne2 Rf8 34.g4 a5 35.a4 Ra8 36.
Ke3 Nd8 37.Kf2 Nf7 38.Kg2 Qb7 39.Nc1 Qa6 40.Kg3 Rab8 41.Rd3 Qa8 42.Be1 Nc8
43.Qc2 R6b7 44.Nc3 c4 45.bxc4 Rb2 46.Qd1 Nb6 47.Ne4 Nxc4 48.Rc3 R2b4 49.
Qc2 Qxd5 50.Rd3 Qe6 51.Bxb4 Rxb4 52.Nb3 d5 53.Nec5 Qc6 54.Rfd1 Qf6 55.Qc1 
e4 56.fxe4 Nce5 57.Rc3 dxe4 58.Rf1 Qd6 59.Kh3 Nf3 60.Rcxf3 exf3 61.Rxf3 
Rxg4 62.Kxg4 Ne5+ 63.Kh3 g4+ 64.Kg2 Nxf3 65.Qe3 Qh2+ 66.Kf1 Qh1+ 67.Ke2 
Qe1+ 68.Kd3 Ne5+ 69.Ke4 Qb1+ 70.Kd5 Qf5 71.Nd4 Qxh5 72.Qe4 Nf3+ 73.Nf5 Nd4
0-1

[Event "61st POL-ch (w)"]
[Site "Bogatynia POL"]
[Date "2009.07.28"]
[Round "10"]
[White "Rajlich, Iweta"]
[Black "Jakubiec, Edyta"]
[Result "1-0"]
[WhiteElo "2448"]
[BlackElo "2217"]
[EventDate "2009.07.19"]
[PlyCount "49"]

1.b3 e5 2.Bb2 Nc6 3.e3 d6 4.d4 exd4 5.exd4 Qe7+ 6.Be2 Bg4 7.h3 Bxe2 8.Nxe2
O-O-O 9.d5 Ne5 10.Nbc3 Kb8 11.f4 Nd7 12.Qd2 Re8 13.O-O-O Qe3 14.Qxe3 Rxe3 
15.Nd4 Ngf6 16.g4 g6 17.Rde1 Rxe1+ 18.Rxe1 Bg7 19.Re7 Rf8 20.Ne6 fxe6 21.
Rxg7 Rg8 22.Rxg8+ Nxg8 23.dxe6 Nf8 24.f5 Kc8 25.Nd5 1-0

[Event "61st POL-ch (w)"]
[Site "Bogatynia POL"]
[Date "2009.07.28"]
[Round "10"]
[White "Toma, Katarzyna"]
[Black "Szczepkowska-Horowska, Karina"]
[Result "1-0"]
[WhiteElo "2261"]
[BlackElo "2327"]
[EventDate "2009.07.19"]
[PlyCount "87"]

1.e4 e5 2.Nf3 Nc6 3.Bc4 Nf6 4.d3 Be7 5.c3 O-O 6.O-O d5 7.exd5 Nxd5 8.Re1 
Bg4 9.h3 Bh5 10.Nbd2 Nb6 11.Bb5 Bd6 12.Ne4 a6 13.Bxc6 bxc6 14.Ng3 Bg6 15.
Nxe5 Bxe5 16.Rxe5 f5 17.Bf4 h6 18.Qd2 Bh7 19.Qe2 Nd5 20.Nh5 Bg6 21.Bd2 Qh4
22.Nxg7 Kxg7 23.c4 Nf6 24.Bc3 f4 25.Re6 Kg8 26.Re1 Rf7 27.Rxc6 Re8 28.
Qxe8+ Nxe8 29.Rxe8+ Rf8 30.Rxg6+ Kf7 31.Ree6 Qh5 32.Rgf6+ Kg8 33.Rxh6 Qd1+
34.Kh2 Rf5 35.Reg6+ Kf8 36.Rg7 Rf7 37.Rh8+ Ke7 38.Bb4+ Kf6 39.Rg4 Ke6 40.
Rd8 Qf1 41.Bc5 Rf5 42.b4 f3 43.Re4+ Kf7 44.Rf8+ 1-0

[Event "61st POL-ch (w)"]
[Site "Bogatynia POL"]
[Date "2009.07.29"]
[Round "11"]
[White "Jakubiec, Edyta"]
[Black "Majdan, Joanna"]
[Result "0-1"]
[WhiteElo "2217"]
[BlackElo "2382"]
[EventDate "2009.07.19"]
[PlyCount "76"]

1.c4 e5 2.Nc3 Nc6 3.g3 g6 4.Bg2 Bg7 5.e3 d6 6.Nge2 Nf6 7.d4 O-O 8.O-O exd4
9.exd4 Re8 10.h3 a5 11.Be3 Ne7 12.Nd5 Nfxd5 13.cxd5 Nf5 14.Bf4 b6 15.Re1 
Ba6 16.Rc1 Nxd4 17.Nxd4 Rxe1+ 18.Qxe1 Bxd4 19.Qd2 Bg7 20.Qc2 Rc8 21.h4 Qd7
22.Kh2 Qe7 23.b3 f5 24.a3 Bf6 25.Kg1 Bb5 26.Bh3 Bd4 27.b4 axb4 28.axb4 Re8
29.Bf1 Bxf1 30.Kxf1 b5 31.Bg5 Qe5 32.Qa2 Bb6 33.Qd2 Qe4 34.Kg1 Qf3 35.Qf4 
Qxd5 36.Bf6 Qe6 37.Ba1 Qe2 38.Rf1 Qg4 0-1

[Event "61st POL-ch (w)"]
[Site "Bogatynia POL"]
[Date "2009.07.29"]
[Round "11"]
[White "Kadziolka, Beata"]
[Black "Toma, Katarzyna"]
[Result "1/2-1/2"]
[WhiteElo "2289"]
[BlackElo "2261"]
[EventDate "2009.07.19"]
[PlyCount "25"]

1.Nf3 Nf6 2.c4 g6 3.b4 Bg7 4.Bb2 O-O 5.e3 d6 6.d4 c5 7.b5 Ne4 8.Bd3 Qa5+ 
9.Nbd2 Bf5 10.Qc2 Nxd2 11.Nxd2 Bxd3 12.Qxd3 Nd7 13.O-O 1/2-1/2

[Event "61st POL-ch (w)"]
[Site "Bogatynia POL"]
[Date "2009.07.29"]
[Round "11"]
[White "Kulon, Klaudia"]
[Black "Przezdziecka, Marta"]
[Result "1-0"]
[WhiteElo "2251"]
[BlackElo "2285"]
[EventDate "2009.07.19"]
[PlyCount "91"]

1.c4 Nf6 2.Nc3 d5 3.cxd5 Nxd5 4.g3 g6 5.Bg2 Nb6 6.Nf3 Bg7 7.O-O O-O 8.d3 
Nc6 9.Be3 e5 10.Rc1 Re8 11.a4 h6 12.Nd2 Be6 13.Nb3 Nd5 14.Nc5 Nxe3 15.fxe3
Qg5 16.Qd2 Nd8 17.Nb5 Rb8 18.Ne4 Qh5 19.Rxc7 Bh3 20.Bf3 Bg4 21.Ned6 Rf8 
22.Bd5 Bxe2 23.Rf2 Bg4 24.Nxf7 Nxf7 25.Rfxf7 Rxf7 26.Rxf7 Kh8 27.Qc1 Rc8 
28.Nc3 Bf5 29.Bxb7 Rd8 30.Be4 Bh3 31.Rxa7 Rf8 32.Ra8 Rxa8 33.Bxa8 Bf8 34.
Bg2 Bf5 35.Ne4 Qe2 36.Bf1 Qf3 37.Nf2 Qb7 38.Qc3 Qb8 39.Bh3 Bb4 40.Qb3 Qf8 
41.Bxf5 gxf5 42.Qe6 Bd6 43.e4 f4 44.Ng4 Bc5+ 45.Kg2 f3+ 46.Kf1 1-0

[Event "61st POL-ch (w)"]
[Site "Bogatynia POL"]
[Date "2009.07.29"]
[Round "11"]
[White "Szczepkowska-Horowska, Karina"]
[Black "Krupa, Monika"]
[Result "1/2-1/2"]
[WhiteElo "2327"]
[BlackElo "2229"]
[EventDate "2009.07.19"]
[PlyCount "160"]

1.Nf3 Nf6 2.g3 d5 3.Bg2 c5 4.d3 Nc6 5.O-O e5 6.e4 Be7 7.Nc3 Bg4 8.h3 Bxf3 
9.Qxf3 d4 10.Nb1 b5 11.Qe2 Nd7 12.f4 O-O 13.Nd2 Qb6 14.Kh1 Rac8 15.a3 a5 
16.b3 Qa7 17.a4 Nb4 18.Qd1 c4 19.bxc4 bxc4 20.Nxc4 f6 21.Bf3 Nb6 22.Na3 
Nxa4 23.Bd2 Nb6 24.Qb1 Qb7 25.Rf2 Qc6 26.Kh2 Bd6 27.Bg4 Rc7 28.Be6+ Kh8 
29.f5 Rb8 30.Be1 Na6 31.Qd1 Bb4 32.Bxb4 Nxb4 33.g4 a4 34.h4 Nd7 35.Rg2 Nc5
36.Bc4 Nxe4 37.dxe4 Qxe4 38.Qd2 Nd5 39.Bd3 Qf4+ 40.Qxf4 Nxf4 41.Rd2 h5 42.
gxh5 Rb2 43.Kg3 Rc3 44.Kf3 Nxd3 45.Rxd3 Rbxc2 46.Nxc2 Rxd3+ 47.Kg4 Rc3 48.
Ra2 Kh7 49.Na3 d3 50.Kf3 d2+ 51.Ke2 Rd3 52.Kd1 e4 53.Nc4 e3 54.Nb2 Rc3 55.
Rxa4 Rc1+ 56.Ke2 Re1+ 57.Kd3 Rb1 58.Nd1 Rxd1 59.Kxe3 Kh6 60.Ra8 Kxh5 61.
Rh8+ Kg4 62.Rh7 Kxf5 63.Rxg7 Rh1 64.Kxd2 Rxh4 65.Ke2 Kf4 66.Ra7 Rh2+ 67.
Kf1 Rh3 68.Kg2 Re3 69.Kf2 Rb3 70.Ra4+ Kg5 71.Rc4 f5 72.Ra4 Rb2+ 73.Kg3 Rc2
74.Rb4 Rc1 75.Kf2 Rc5 76.Kg3 Re5 77.Kf3 Rc5 78.Kg3 Rc3+ 79.Kf2 f4 80.Rb8 
Kg4 1/2-1/2

[Event "61st POL-ch (w)"]
[Site "Bogatynia POL"]
[Date "2009.07.29"]
[Round "11"]
[White "Zawadzka, Jolanta"]
[Black "Jaracz, Barbara"]
[Result "1-0"]
[WhiteElo "2387"]
[BlackElo "2306"]
[EventDate "2009.07.19"]
[PlyCount "61"]

1.e4 e5 2.Nf3 Nc6 3.Bb5 a6 4.Ba4 Nf6 5.O-O b5 6.Bb3 Bb7 7.d3 Be7 8.Nc3 O-O
9.Re1 d6 10.a3 Qd7 11.h3 h6 12.Nd5 Nxd5 13.exd5 Nd4 14.Nxd4 exd4 15.Qf3 
Rfe8 16.Bd2 Bg5 17.Bxg5 hxg5 18.Re4 c5 19.dxc6 Bxc6 20.Rxe8+ Rxe8 21.Bxf7+
Qxf7 22.Qxc6 Re2 23.Rf1 Qe6 24.Qxa6 Rxc2 25.Qxb5 Rc5 26.Qb4 Qe5 27.Re1 Qf6
28.Qb7 d5 29.b4 Rc3 30.Qxd5+ Kh7 31.Qe4+ 1-0